| 000 | 01061nam a22003257a 4500 | ||
|---|---|---|---|
| 003 | CHAP | ||
| 005 | 20220329141258.0 | ||
| 008 | 971010s1990 r 00010 d | ||
| 010 | _a65658 | ||
| 011 | _a66630 | ||
| 035 | _a75107 | ||
| 040 | _cCHAP | ||
| 082 |
_a636.082 _bA55 |
||
| 100 | 0 | 0 |
_aAllen, David. _94381 |
| 245 | _aPlanned beef production and marketing | ||
| 260 |
_aOxford : _bBSP Profesional Books, _c1990 |
||
| 300 |
_a232 p. _b: ilus. ; gráfs. |
||
| 590 |
_aBATCH-UPD _b10 _c20130110 _lUCH01 _h1349 |
||
| 590 |
_aBATCH-UPD _b10 _c20130410 _lUCH01 _h0846 |
||
| 590 |
_aBATCH-UPD _b10 _c20130914 _lUCH01 _h0847 |
||
| 590 |
_aCONVERSION _b10 _c20130109 _lUCH01 _h1336 |
||
| 650 | 1 | 4 |
_aCarne _xMercadeo. _919090 |
| 650 | 1 | 4 |
_aCarne _xProducción. _919109 |
| 650 | 1 | 4 |
_aGanado de carne _xMercadeo. _945092 |
| 650 | 1 | 4 |
_aGanado de carne _xProducción. _945104 |
| 901 | _aBK | ||
| 942 | _cLIBRO | ||
| 949 |
_a636.082 A5 _bZ _cLIBRO _d-8041 _eLIBRO _h1431 _i75107 _si |
||
| 949 |
_a636.082 A55 _bBC _cLIBRO _d33724000627105 _eLIBRO _gI.182610 _h91676 _i75107 _si _t110.00 |
||
| 999 |
_c65658 _d65658 |
||